000
00273nam a2200109Ia 4500
008
200302s9999 xx 000 0 und d
100
_a
Bernd Kniess
245
_a
Dd : Design Document Series 20 : Adaptions
260
_b
Suh Kyongwon, Germany
260
_c
2007
300
_a
239
999
_c
4629
_d
4629